All German Wars - Statistics

General Stats
  • This quiz has been taken 64 times
  • The average score is 31 of 112
Answer Stats
Years War % Correct
1914-1918 WW1
98%
1939-1945 WW2
98%
978-980 Franco-German War
83%
1870-1871 Franco-Prussian War
83%
2001-2021 War in Afghanistan
72%
1626 Austrian Peasant War
69%
1003-1018 | 1028-1031 German-Polish War
69%
1109 Expedition to Poland
67%
1918-1919 Greater Poland Uprising
67%
990 Polish-Bohemian War
67%
1733-1735 War of Polish Succession
67%
1217-1274 Prussian Crusade
65%
1936-1939 Spanish Civil War
61%
1792-1797 1st Coalition
59%
1806-1807 4th Coalition
59%
1809 5th Coalition
59%
1813-1814 6th Coalition
59%
1815 7th Coalition
59%
1866 Austro-Prussian War
57%
1812 French Invasion of Russia
56%
1808-1814 Peninsular War
56%
1701-1714 War of Spanish Succession
50%
2015-Present Syrian Civil War
48%
1147-1150 2nd Crusade
43%
1189-1192 3rd Crusade
43%
1202-1204 4th Crusade
43%
1217-1221 5th Crusade
43%
1227-1229 6th Crusade
43%
1197 Crusade of 1197
43%
1990-1991 Gulf War
43%
1618-1648 Thirty Years War
37%
963 | 979 Raid on Poland
35%
1494-1498 | 1521-1526 | 1542-1546 | 1551-1559 Italian War
33%
1918-1919 German Revolution
31%
1848-1849 German Revolutions
31%
1848-1852 1st Schleswig War
30%
1864 2nd Schleswig War
30%
1899-1901 Boxer Rebellion
28%
1477-1488 | 1490-1491 Austria-Hungarian War
26%
1939 Invasion of Czechoslovakia
26%
1918-1919 Lithuanian-Soviet Wars
26%
1663-1664 Austro-Turkish War
24%
1030-1031 Campaign in Hungary
24%
1056-1058 German-Hungarian Border War
24%
1042-1043 German-Hungarian War
24%
1683-1699 Great Turkish War
24%
1063 Invasion of Hungary
24%
1593-1606 Long Turkish War
24%
1073-1075 | 1077-1088 Saxon Revolt
24%
1917-1921 Ukrainian War of Independence
24%
1125-1140 War of Bohemian Succession
24%
1961 Berlin Crisis
22%
1904-1908 Herero Wars
20%
1919 1st Silesian Uprising
19%
1920 2nd Silesian Uprising
19%
1886-1894 1st Samoan Civil War
17%
1898-1899 2nd Samoan Civil War
17%
1918 Finnish Civil War
17%
2017-2023 Mali War
17%
1953 East German Uprising
15%
1923 Hamburg Uprising
15%
1920 Kapp Putsch
15%
1923 Beer Hall Putsch
11%
1921 March Action
11%
1688-1697 Nine Years War
11%
1241-1242 Mongol Raids
9%
1920 Ruhr Uprising
9%
983 Slavic Revolt
9%
1921 3rd Silesian Uprising
7%
1524-1525 German Peasant's War
7%
1419-1434 Hussite Wars
7%
1546-1547 Schmalkaldic War
7%
1147 Wendish Crusade
7%
1194 Conquest of Sicily
6%
1672-1678 Franco-Dutch War
6%
1905-1908 Maji Maji Rebellion
6%
1878-1888 Nauruan Civil War
6%
1499 Swabian War
6%
1552 2nd Schmalkaldic War
4%
1888-1889 Abushiri Revolt
4%
1899-1907 Adamawa Wars
4%
1213-1214 Anglo-French War
4%
1891-1907 Bafut Wars
4%
1526-1530 Cognac League
4%
1535 Conquest of Tunis
4%
C.1093 German-Flemish War
4%
1157 Glogow Expedition
4%
1245-1275 Great Interregnum
4%
974 Harald Bluetooth's Rebellion
4%
1891-1898 Hehe Rebellion
4%
995 Invasion of Obotrites
4%
985 | 992 Invasion of Veleti
4%
1903 Kavango Uprising
4%
1522-1523 Knights War
4%
1789-1791 Liege Revolution
4%
1528-1568 Little War
4%
C.995 Raid on Saksland
4%
1910-1911 Sokehs Rebellion
4%
1615-1617 Uskok War
4%
1609-1614 War of Julich Succession
4%
1228-1243 War of Lombards
4%
1613-1617 War of Montferrat Succession
4%
1683-1684 War of Reunions
4%
1789-1791 Brabant Revolution
2%
No matching quizzes found
Score Distribution
Percent of People with Each Score
Percentile by Number Answered
Your Score History
You have not taken this quiz